[Event "Xtracon Chess Open 2017"]
[Site "Helsingor DEN"]
[Date "2017.07.24"]
[Round "4.135"]
[White "Bjornes, Leif"]
[Black "Gardarsson, Hordur"]
[Result "1-0"]
[WhiteElo "1934"]
[BlackElo "1710"]
[WhiteFideId "1507397"]
[BlackFideId "2303604"]
[EventDate "2017.07.22"]

1. d4 Nf6 2. c4 e6 3. Nc3 Bb4 4. Qc2 Bxc3+ 5. Qxc3 d6 6. Bg5 Nbd7 7. Nf3 Qe7 8.
e3 e5 9. Be2 h6 10. Bh4 e4 11. Nd2 g5 12. Bg3 Nf8 13. O-O-O Bf5 14. Kb1 Ne6 15.
Nb3 b6 16. d5 Nc5 17. Nd4 Bg6 18. Nc6 Qf8 19. Qxf6 Nd7 20. Qc3 f6 21. Ka1 Rh7
22. Rhf1 Nc5 23. f3 a5 24. f4 a4 25. fxg5 f5 26. h4 h5 27. Be1 Rf7 28. Qc2 f4
29. exf4 Qg8 30. f5 Rxf5 31. Rxf5 Bxf5 32. Bxh5+ Kd7 33. Bc3 Qh7 34. g4 1-0

[Event "Xtracon Chess Open 2017"]
[Site "Helsingor DEN"]
[Date "2017.07.24"]
[Round "4.137"]
[White "Rosell, Sven"]
[Black "Kristensen, Lars Ostergaard"]
[Result "1-0"]
[WhiteElo "1930"]
[BlackElo "1701"]
[WhiteFideId "1707760"]
[BlackFideId "1415018"]
[EventDate "2017.07.22"]

1. e4 e5 2. Nf3 Nf6 3. Nc3 Nc6 4. Bb5 Bc5 5. O-O O-O 6. d3 d6 7. h3 a6 8. Ba4 h6
9. Ne2 Re8 10. c3 b5 11. Bc2 d5 12. Ng3 dxe4 13. dxe4 Bb7 14. Qe2 Bd6 15. Rd1
Ne7 16. a4 Ng6 17. Be3 Qc8 18. Nd2 Nf4 19. Qf1 Bc6 20. f3 Bd7 21. Nf5 Bf8 22.
axb5 Bxb5 23. c4 Bd7 24. Nb1 g6 25. Ng3 N6h5 26. Nxh5 Nxh5 27. Nc3 c6 28. Na4
Rb8 29. b3 f5 30. Nb6 Rxb6 31. Bxb6 c5 32. Ba5 f4 33. Be1 Be7 34. Kh2 g5 35.
Rxd7 Qxd7 36. Rxa6 Nf6 37. Bc3 Bd8 38. Qa1 g4 39. hxg4 Nxg4+ 40. fxg4 Qxg4 41.
Bd1 Qg3+ 42. Kh1 Qh4+ 43. Kg1 Qg3 44. Bf3 Bh4 45. Ra8 Qf2+ 46. Kh1 Rxa8 47.
Qxa8+ Kh7 48. Qb7+ Kg8 49. Qc8+ Kf7 50. Bh5+ Kf6 51. Qf5+ Ke7 52. Qxe5+ Kd7 53.
Be8+ Kd8 54. Ba5+ 1-0

[Event "Xtracon Chess Open 2017"]
[Site "Helsingor DEN"]
[Date "2017.07.24"]
[Round "4.138"]
[White "Alfven, Jorgen"]
[Black "Gutierrez Bolado, Juan Antonio"]
[Result "1-0"]
[WhiteElo "1927"]
[BlackElo "1696"]
[WhiteFideId "1715950"]
[BlackFideId "2298708"]
[EventDate "2017.07.22"]

1. d4 d5 2. c4 c6 3. cxd5 cxd5 4. Nf3 Bf5 5. Nc3 Nf6 6. Bf4 e6 7. e3 Bd6 8. Bb5+
Nc6 9. Ne5 Qc7 10. Qa4 Rc8 11. Rc1 O-O 12. Bxc6 bxc6 13. h3 Bxe5 14. Bxe5 Qb6
15. b4 Nd7 16. Bd6 Rfe8 17. O-O Qb7 18. Rfd1 Nb6 19. Qb3 Nc4 20. Bc5 a6 21. Na4
e5 22. dxe5 Nxe5 23. f4 Nc4 24. Nb2 Nb6 25. Bd4 Re6 26. Rf1 Rg6 27. Kh2 Nd7 28.
g4 Be4 29. Nd1 Qb5 30. Rf2 Re6 31. a4 Qb7 32. Qc3 f6 33. Rb2 Ree8 34. a5 Qb5 35.
Qe1 Qb7 36. Nf2 c5 37. bxc5 Qc6 38. Nxe4 Rxe4 39. Rbc2 Rce8 40. Qd2 Rc8 41. Rb2
Ree8 42. Rb4 Rc7 43. Qb2 Rec8 44. Qa2 Qe6 45. Qb1 Nxc5 46. Rb6 Qe7 47. Qf5 Qe4
48. Qxe4 Nxe4 49. Rxc7 Rxc7 50. Rxa6 Rc2+ 51. Kg1 Rc1+ 52. Kg2 Rc2+ 53. Kf1 Ra2
54. Ra8+ Kf7 55. a6 Kg6 56. a7 Nd2+ 57. Ke2 Ne4+ 58. Kd1 Nf2+ 59. Kc1 Nd3+ 60.
Kb1 Rh2 1-0

[Event "Xtracon Chess Open 2017"]
[Site "Helsingor DEN"]
[Date "2017.07.24"]
[Round "4.139"]
[White "Nielsen, Morten Majlund"]
[Black "Larsen, Mette Dalsgaard"]
[Result "1-0"]
[WhiteElo "1927"]
[BlackElo "1679"]
[WhiteFideId "1445448"]
[BlackFideId "1430718"]
[EventDate "2017.07.22"]

1. d4 d5 2. c4 Nf6 3. cxd5 Nxd5 4. Nf3 e6 5. e4 Nf6 6. Qc2 Nc6 7. Bb5 Bd7 8. O-O
Nb4 9. Qe2 Be7 10. Nc3 c6 11. Bc4 O-O 12. a3 Na6 13. Bxa6 bxa6 14. Qxa6 Qc7 15.
Qc4 Rac8 16. Bg5 Qb7 17. b4 Rfd8 18. e5 Nd5 19. Ne4 f6 20. Bh4 g5 21. exf6 gxh4
22. fxe7 Nxe7 23. Nd6 1-0

[Event "Xtracon Chess Open 2017"]
[Site "Helsingor DEN"]
[Date "2017.07.24"]
[Round "4.140"]
[White "Kumpen, Jona"]
[Black "Kyrkjebo, Hanna B."]
[Result "1/2-1/2"]
[WhiteElo "1711"]
[BlackElo "1923"]
[WhiteFideId "238520"]
[BlackFideId "1511599"]
[EventDate "2017.07.22"]

1. d4 Nf6 2. Nf3 e6 3. Bf4 c5 4. e3 b6 5. Bd3 Bb7 6. c3 Be7 7. O-O O-O 8. Nbd2
d5 9. Qe2 Nh5 10. Bg3 Nxg3 11. hxg3 Nd7 12. e4 dxe4 13. Bxe4 Bxe4 14. Nxe4 Nf6
15. Rad1 Qc7 16. Nxf6+ Bxf6 17. dxc5 bxc5 18. c4 Rab8 19. b3 h6 20. Rd3 Rbd8 21.
Rfd1 Rxd3 22. Rxd3 Rd8 23. Rxd8+ Qxd8 24. Qd2 Qxd2 25. Nxd2 Bd4 26. Kf1 f5 27.
Ke2 g5 28. Nf3 Bf6 29. Ne1 a5 30. Nd3 Bd4 31. a3 Kf7 32. b4 axb4 33. axb4 cxb4
34. Nxb4 Ke8 35. Nc6 Bf6 36. Kd3 Kd7 37. Nd4 Kd6 38. Nb3 e5 39. Ke3 Bd8 40. f3
Bb6+ 41. Kd3 h5 42. Ke2 g4 43. Nc1 Kc5 44. Nd3+ Kd4 45. Nb2 Bc7 46. Nd1 f4 47.
gxf4 exf4 48. fxg4 hxg4 49. c5 Kxc5 50. Nc3 Kc4 51. Ne4 Kd4 52. Nf6 g3 53. Kf3
Ke5 54. Ne4 Bb8 55. Nxg3 fxg3 1/2-1/2

[Event "Xtracon Chess Open 2017"]
[Site "Helsingor DEN"]
[Date "2017.07.24"]
[Round "4.142"]
[White "Olsen, Kim Alex"]
[Black "Mehringer, Joerg"]
[Result "0-1"]
[WhiteElo "1706"]
[BlackElo "1918"]
[WhiteFideId "1406663"]
[BlackFideId "12915351"]
[EventDate "2017.07.22"]

1. d4 Nf6 2. c4 g6 3. Nc3 Bg7 4. e4 d6 5. Bg5 O-O 6. f4 Na6 7. Be2 c5 8. d5 Qa5
9. Qd2 Re8 10. Nf3 Bg4 11. O-O Nd7 12. h3 Bxf3 13. Rxf3 Nc7 14. Raf1 a6 15. Rg3
b5 16. f5 b4 17. fxg6 hxg6 18. Bh6 bxc3 19. bxc3 Ne5 20. Bh5 Rf8 21. Qg5 f6 22.
Qh4 Rf7 23. Bxg6 Nxg6 24. Rxg6 Qxc3 25. Bxg7 Rxg7 26. Rh6 Qe3+ 27. Kh1 Qg5 28.
Rh8+ Kf7 29. Qxg5 Rxg5 30. Rxa8 Nxa8 31. Rb1 Rg8 32. Rb7 Rc8 33. g4 Nc7 34. Kh2
Ne8 35. Ra7 Rb8 36. Rxa6 Rb4 37. a4 Rxc4 38. a5 Nc7 39. Ra7 Nb5 40. Rb7 Rb4 41.
a6 Ke8 42. Kg3 Kd8 43. Kf4 Nc7 44. Rxb4 cxb4 45. Ke3 Nxa6 0-1

[Event "Xtracon Chess Open 2017"]
[Site "Helsingor DEN"]
[Date "2017.07.24"]
[Round "4.143"]
[White "Mansoor, Afras"]
[Black "Madsen, Dennis"]
[Result "1-0"]
[WhiteElo "1917"]
[BlackElo "1671"]
[WhiteFideId "1522108"]
[BlackFideId "1425919"]
[EventDate "2017.07.22"]

1. d4 g6 2. e4 d6 3. Nc3 Bg7 4. Be3 Nh6 5. f3 f5 6. Qd2 Nf7 7. Bc4 Rf8 8. O-O-O
e5 9. f4 fxe4 10. dxe5 Bg4 11. Nge2 Nc6 12. h3 Bxe2 13. Qxe2 Qe7 14. Nd5 Qd8 15.
g4 Nfxe5 16. fxe5 Bxe5 17. h4 Na5 18. Bg5 Qd7 19. Qxe4 Nxc4 20. Qxc4 Rf7 21.
Rhf1 Rc8 22. Rde1 b5 23. Nf6+ Rxf6 24. Qg8+ 1-0

[Event "Xtracon Chess Open 2017"]
[Site "Helsingor DEN"]
[Date "2017.07.24"]
[Round "4.144"]
[White "Lindgaard, Tobias Simon"]
[Black "Maselli, Daniel"]
[Result "1-0"]
[WhiteElo "1705"]
[BlackElo "1914"]
[WhiteFideId "1419820"]
[BlackFideId "2814140"]
[EventDate "2017.07.22"]

1. c4 f5 2. g3 Nf6 3. Bg2 e6 4. Nf3 c6 5. O-O d5 6. b3 Bd6 7. d4 Qe7 8. Bf4 Bxf4
9. gxf4 O-O 10. e3 Nbd7 11. c5 b6 12. b4 a5 13. b5 cxb5 14. c6 Nb8 15. Qc2 Qc7
16. Rc1 Ne4 17. Ne5 Nd6 18. Na3 b4 19. Nb1 b5 20. a3 bxa3 21. Nxa3 Ba6 22. Qc5
b4 23. Nc2 Nc4 24. Nxc4 dxc4 25. d5 b3 26. d6 Qf7 27. Nd4 b2 28. Nxe6 bxc1=Q+
29. Rxc1 Rc8 30. Nc7 Kh8 31. Nxa8 Bb7 32. d7 Nxd7 33. cxd7 Qxd7 34. Nb6 Rxc5 1-0

[Event "Xtracon Chess Open 2017"]
[Site "Helsingor DEN"]
[Date "2017.07.24"]
[Round "4.145"]
[White "Kristiansen, Snorre"]
[Black "Westerlund, Ola"]
[Result "1-0"]
[WhiteElo "1699"]
[BlackElo "1910"]
[WhiteFideId "1530011"]
[BlackFideId "1712101"]
[EventDate "2017.07.22"]

1. e4 g6 2. d4 Bg7 3. Nc3 d6 4. Be3 Nf6 5. Qd2 c6 6. Bh6 Bxh6 7. Qxh6 Qa5 8. Bd3
Nbd7 9. Nf3 c5 10. d5 c4 11. Bxc4 Qc5 12. Bd3 Qxf2+ 13. Kxf2 Ng4+ 14. Kg3 Nxh6
15. Rhe1 O-O 16. Na4 b6 17. Nd4 Ne5 18. Nc3 Nxd3 19. cxd3 e5 20. Nc6 Ba6 21. d4
f6 22. dxe5 fxe5 23. Nb4 Bb7 24. Nb5 Nf7 25. Rac1 Rfc8 26. Rxc8+ Rxc8 27. Nxa7
Rc4 28. a3 Ng5 29. Nb5 Nxe4+ 30. Rxe4 Rxe4 31. Nxd6 Rxb4 32. axb4 Bxd5 33. Nc8
Kf7 34. Nxb6 Be6 35. Kf3 Ke7 36. Na4 Bd5+ 37. Kf2 Kd6 38. Nc3 Bc6 39. g3 e4 40.
Ke3 Ke5 41. b5 Bb7 42. b4 Kf5 43. b6 Ke5 44. Na4 Kd6 45. Nc5 Bd5 46. Kd4 e3 47.
b7 1-0

[Event "Xtracon Chess Open 2017"]
[Site "Helsingor DEN"]
[Date "2017.07.24"]
[Round "4.146"]
[White "McAndrew, Robert"]
[Black "Dahl, Max"]
[Result "1/2-1/2"]
[WhiteElo "1909"]
[BlackElo "1660"]
[WhiteFideId "2404915"]
[BlackFideId "1526626"]
[EventDate "2017.07.22"]

1. c4 Nf6 2. Nf3 e6 3. g3 d5 4. Bg2 Be7 5. O-O O-O 6. b3 b6 7. Bb2 Bb7 8. d3 Re8
9. Nbd2 c5 10. e3 Nc6 11. Qe2 Bf8 12. Ne5 Nxe5 13. Bxe5 Nd7 14. Bb2 Be7 15. Rad1
Bf6 16. Nf3 Bxb2 17. Qxb2 Qf6 18. Qxf6 gxf6 19. Nh4 Nf8 20. cxd5 Bxd5 21. Bxd5
exd5 22. Nf5 Ne6 23. Kg2 Ng7 24. Nxg7 Kxg7 25. Rc1 Rac8 26. Kf3 f5 27. g4 fxg4+
28. Kxg4 Kf6 29. Kf4 Rg8 30. e4 dxe4 31. dxe4 Rcd8 32. Rcd1 Ke6 33. Rxd8 Rxd8
34. Ke3 Rg8 35. f4 a6 36. Rf2 a5 1/2-1/2

[Event "Xtracon Chess Open 2017"]
[Site "Helsingor DEN"]
[Date "2017.07.24"]
[Round "4.147"]
[White "Nielsen, Peter"]
[Black "Sandberg, Martin"]
[Result "0-1"]
[WhiteElo "1694"]
[BlackElo "1893"]
[WhiteFideId "1707485"]
[BlackFideId "1707159"]
[EventDate "2017.07.22"]

1. e4 d6 2. d4 g6 3. Nc3 Bg7 4. Be3 Nd7 5. Nf3 Ngf6 6. h3 O-O 7. Bc4 c6 8. a4 e6
9. Bb3 d5 10. e5 Ne8 11. Qd2 f6 12. Bh6 c5 13. Bxg7 Kxg7 14. exf6+ Qxf6 15. dxc5
Nxc5 16. O-O-O Nxb3+ 17. cxb3 Bd7 18. Rhe1 Nd6 19. Nxd5 exd5 20. Qxd5 Bf5 21.
Rd2 Rac8+ 22. Kd1 Rfd8 23. g4 Be4 24. Rxe4 Qxf3+ 25. Ree2 Qxd5 26. Rxd5 Ne4 27.
Rxd8 Rxd8+ 28. Kc2 Nc5 29. Re7+ Kg8 30. Rc7 Rd5 31. Kc3 Ne4+ 32. Kc4 Rd2 33. f3
Rc2+ 0-1

[Event "Xtracon Chess Open 2017"]
[Site "Helsingor DEN"]
[Date "2017.07.24"]
[Round "4.149"]
[White "Sondergaard, Lars"]
[Black "Aasen, Kjetil Myrlid"]
[Result "1-0"]
[WhiteElo "1686"]
[BlackElo "1881"]
[WhiteFideId "1406973"]
[BlackFideId "1539027"]
[EventDate "2017.07.22"]

1. e4 e6 2. Nf3 d5 3. exd5 exd5 4. d4 Bd6 5. Bd3 Ne7 6. O-O Bg4 7. Bg5 f6 8. Bd2
Nbc6 9. c3 Qd7 10. Na3 a6 11. Nc2 h5 12. Ne3 O-O-O 13. Re1 g5 14. Nf1 h4 15. b4
Bf5 16. Bxf5 Nxf5 17. Ne3 Nxe3 18. Bxe3 g4 19. Nd2 g3 20. h3 gxf2+ 21. Bxf2 Rdg8
22. Qf3 Bg3 23. Kh1 f5 24. Re2 f4 25. Rae1 Rg7 26. Qd3 Rhg8 27. b5 axb5 28. Qxb5
Na7 29. Re8+ Qxe8 30. Rxe8+ 1-0

[Event "Xtracon Chess Open 2017"]
[Site "Helsingor DEN"]
[Date "2017.07.24"]
[Round "4.150"]
[White "Magnussen, Pal"]
[Black "Langvik, Ulrikke"]
[Result "0-1"]
[WhiteElo "1881"]
[BlackElo "1640"]
[WhiteFideId "1711814"]
[BlackFideId "1517910"]
[EventDate "2017.07.22"]

1. e4 e6 2. Qe2 c5 3. Nf3 Nc6 4. Nc3 g6 5. d3 Bg7 6. g3 Nge7 7. h4 b6 8. h5 Bb7
9. h6 Bf6 10. Bg2 Nd4 11. Nxd4 Bxd4 12. Nb5 O-O 13. f4 d6 14. Nxd4 cxd4 15. Qf2
e5 16. fxe5 dxe5 17. Qf6 Nf5 18. Qxe5 Re8 19. Qf4 Rc8 20. Kd1 Qe7 21. Bh3 Rc5
22. g4 g5 23. Qf2 Nd6 24. Qxd4 f6 25. Bg2 Nxe4 26. Bxe4 Rd8 27. Qe3 Qxe4 28.
Qxe4 Bxe4 29. Rf1 Kf7 30. Bd2 Bg2 31. Rf2 Bh3 32. Bc3 Bxg4+ 33. Kd2 Rf5 34. Raf1
Rdd5 35. Bxf6 Kxf6 0-1

[Event "Xtracon Chess Open 2017"]
[Site "Helsingor DEN"]
[Date "2017.07.24"]
[Round "4.151"]
[White "Kopperberg, Steen"]
[Black "Vinter, Christoffer"]
[Result "1/2-1/2"]
[WhiteElo "1864"]
[BlackElo "1633"]
[WhiteFideId "1433768"]
[BlackFideId "1449737"]
[EventDate "2017.07.22"]

1. d4 d5 2. Nf3 Nc6 3. c3 Bf5 4. Qb3 Qd7 5. Qxb7 Rb8 6. Qa6 e6 7. e3 Nge7 8.
Nbd2 Nc8 9. Bb5 Rb6 10. Qa4 Bd6 11. Bxc6 Rxc6 12. O-O O-O 13. Re1 Nb6 14. Qd1
Bg4 15. e4 dxe4 16. Nxe4 f5 17. Nxd6 Qxd6 18. Qd3 Nd7 19. Ne5 Nxe5 20. Rxe5 Rd8
21. f4 Rb6 22. h3 Bh5 23. a4 c5 24. a5 Rbb8 25. Qc4 cxd4 26. Rxe6 Bf7 27. Rxd6
Bxc4 28. Rxd8+ Rxd8 29. Ra4 Be6 30. Rxd4 Rxd4 31. cxd4 Kf7 32. Kf2 Ke7 33. Ke3
Kd6 34. Bd2 Kd5 35. Bb4 g6 36. Bc5 a6 37. b4 Bd7 38. Kf3 Be8 39. g4 Ke6 40. Kg3
h5 41. Kh4 hxg4 42. hxg4 fxg4 43. Kxg4 Kd5 44. Kf3 Bd7 45. Ke3 Be8 46. Kd3 Bb5+
47. Kc3 Be8 48. Kd3 Bb5+ 49. Ke3 Bd7 50. Kf3 Be8 51. Kg4 Ke6 52. Kg5 Kf7 53. d5
Bd7 54. d6 Bc6 55. Bd4 Bd7 56. Bf6 Bc6 57. f5 gxf5 58. Kxf5 Bd7+ 59. Ke5 Bc6 60.
Be7 Ke8 61. Ke6 Bd7+ 62. Kd5 Bb5 63. Kc5 Kd7 64. Kb6 Be2 1/2-1/2

[Event "Xtracon Chess Open 2017"]
[Site "Helsingor DEN"]
[Date "2017.07.24"]
[Round "4.152"]
[White "Larsen, Preben R."]
[Black "Petersen, Jan"]
[Result "1-0"]
[WhiteElo "1860"]
[BlackElo "1628"]
[WhiteFideId "1425790"]
[BlackFideId "1426320"]
[EventDate "2017.07.22"]

1. e4 e6 2. d4 d5 3. Nc3 Bb4 4. e5 c5 5. a3 Bxc3+ 6. bxc3 Ne7 7. Nf3 Qc7 8. Bd3
cxd4 9. cxd4 Bd7 10. O-O Nbc6 11. Bg5 Ng6 12. Qe2 O-O 13. Qe3 a6 14. h4 h6 15.
Bxh6 gxh6 16. Qxh6 Rfc8 17. h5 Be8 18. hxg6 fxg6 19. Bxg6 Qg7 20. Qxg7+ Kxg7 21.
Bxe8 Rxe8 22. Rfd1 Rac8 23. Kf1 Ne7 24. Ra2 Rc4 25. Ke2 Rec8 26. Rd2 Kg6 27. Kd1
Kf5 28. Rd3 Nc6 29. Kd2 Rg8 30. Rb2 b5 31. Rb1 Kf4 32. g3+ Kf5 33. Rh1 Rg6 34.
Nh4+ 1-0

[Event "Xtracon Chess Open 2017"]
[Site "Helsingor DEN"]
[Date "2017.07.24"]
[Round "4.153"]
[White "Shehzad, Shazil"]
[Black "Andersen, Daniel"]
[Result "1-0"]
[BlackTitle "FM"]
[WhiteElo "1678"]
[BlackElo "1856"]
[WhiteFideId "1521942"]
[BlackFideId "1402714"]
[EventDate "2017.07.22"]

1. e4 c5 2. Nc3 Nc6 3. Bb5 g6 4. Bxc6 dxc6 5. f4 Bg7 6. Nf3 Nf6 7. O-O O-O 8. d3
Ne8 9. Be3 Bd4 10. Qe1 Bg4 11. h3 Bxf3 12. Rxf3 Qb6 13. Rb1 Ng7 14. Ne2 Bxe3+
15. Rxe3 Rad8 16. Qc3 Ne6 17. Kh1 Nd4 18. g4 Qc7 19. Rf1 e5 20. Qxc5 b6 21. Qc3
c5 22. b3 Qe7 23. Qb2 Qh4 24. c3 Nc6 25. Qd2 Rd6 26. Qe1 Qh6 27. Qg3 f6 28. Ref3
exf4 29. Nxf4 Ne5 30. R3f2 Qg5 31. Nd5 Re6 32. d4 cxd4 33. cxd4 Nc6 1-0

[Event "Xtracon Chess Open 2017"]
[Site "Helsingor DEN"]
[Date "2017.07.24"]
[Round "4.154"]
[White "Ski, Alexander K."]
[Black "Andersen, Dag"]
[Result "1/2-1/2"]
[WhiteElo "1658"]
[BlackElo "1855"]
[WhiteFideId "1521659"]
[BlackFideId "1504568"]
[EventDate "2017.07.22"]

1. e3 d5 2. d4 Nf6 3. c4 c6 4. Nc3 e6 5. Nf3 Nbd7 6. Bd3 dxc4 7. Bxc4 b5 8. Bd3
a6 9. e4 c5 10. e5 Nd5 11. Nxd5 exd5 12. O-O c4 13. Bc2 Be7 14. Bd2 O-O 15. Qe2
Nb8 16. h3 Nc6 17. Rad1 Be6 18. Bc1 Qd7 19. Nh2 Nb4 20. Bb1 Bf5 21. Bxf5 Qxf5
22. a3 Nc6 23. Ng4 Qe6 24. f4 f5 25. Ne3 Bd8 26. Qf3 1/2-1/2

[Event "Xtracon Chess Open 2017"]
[Site "Helsingor DEN"]
[Date "2017.07.24"]
[Round "4.155"]
[White "Skjolingstad, Sverre"]
[Black "Trost, Martin"]
[Result "1-0"]
[WhiteElo "1644"]
[BlackElo "1844"]
[WhiteFideId "1519913"]
[BlackFideId "1710737"]
[EventDate "2017.07.22"]

1. e4 g6 2. d4 d6 3. f4 Bg7 4. Nf3 c6 5. Nc3 Nf6 6. Bd3 O-O 7. O-O Nbd7 8. h3
Qc7 9. Be3 e5 10. Qd2 Nh5 11. Ne2 Re8 12. g4 exf4 13. Bxf4 Nxf4 14. Qxf4 Nb6 15.
Ng5 Re7 16. Rf2 h6 17. Nf3 Be6 18. b3 c5 19. c4 Rae8 20. Rd1 Bc8 21. Bb1 g5 22.
Qg3 cxd4 23. Nexd4 Be5 24. Nxe5 dxe5 25. Nb5 Qb8 26. Qf3 Be6 27. Qf6 Kh7 28. Rd3
Nd7 29. Qf3 Rf8 30. Nc3 f6 31. Rd1 Ref7 32. Nd5 Kg7 33. h4 a5 34. h5 Nc5 35. Ne3
Qc8 36. Nf5+ Bxf5 37. Qxf5 Qxf5 38. Rxf5 Rd7 39. Rxd7+ Nxd7 40. Rf2 Kf7 41. a3
Nc5 42. b4 axb4 43. axb4 Ne6 44. Ba2 Ke7 45. c5 Nf4 46. Rd2 Ra8 47. Bd5 Nxd5 48.
exd5 Ra1+ 49. Kf2 Rb1 50. Ra2 Rxb4 51. Ra7 Kd8 52. Ra8+ Kd7 53. Rh8 Rxg4 54.
Rxh6 Rf4+ 55. Ke3 Rd4 56. Rxf6 Rxd5 57. Rd6+ Rxd6 58. cxd6 g4 59. h6 g3 60. h7 1-0

[Event "Xtracon Chess Open 2017"]
[Site "Helsingor DEN"]
[Date "2017.07.24"]
[Round "4.156"]
[White "Jarve, Edvin"]
[Black "Larsen, Hans Haagen"]
[Result "1-0"]
[WhiteElo "1843"]
[BlackElo "1627"]
[WhiteFideId "1519824"]
[BlackFideId "1409557"]
[EventDate "2017.07.22"]

1. d4 d6 2. e4 g6 3. c4 Bg7 4. Nc3 Nc6 5. Be3 e5 6. Nge2 Bd7 7. Qd2 a5 8. f3 f5
9. exf5 gxf5 10. d5 Nce7 11. Nc1 f4 12. Bf2 Nf6 13. Bd3 Bf5 14. N1e2 Bxd3 15.
Qxd3 Qd7 16. O-O-O Qf5 17. c5 O-O 18. cxd6 cxd6 19. Qxf5 Nxf5 20. Nb5 Rfc8+ 21.
Kb1 Ne7 22. Nxd6 Rd8 23. Nxb7 Rxd5 24. Nc3 Rxd1+ 25. Rxd1 Nc6 26. Nc5 Bf8 27.
N5e4 Nxe4 28. Nxe4 Rc8 29. Rc1 a4 30. Nf6+ Kg7 31. Nd7 Bd6 32. Nb6 Rc7 33. Nxa4
Kf6 34. Nc3 Ke6 35. Nb5 Rc8 36. Nxd6 Kxd6 37. a3 Rb8 38. b4 Rb5 39. Rd1+ Ke6 40.
Kb2 e4 41. fxe4 Ke5 42. Rc1 Nxb4 43. axb4 Rxb4+ 44. Kc3 Rb7 45. Bd4+ Kxe4 46.
Re1+ Kf5 47. Kd3 Kg4 48. Ke2 Rb3 49. Kf2 Rd3 50. Bc5 Rc3 51. Be7 h5 52. Re4 Rc2+
53. Re2 Rc3 54. h3+ Kf5 55. Ra2 Ke6 56. Bg5 Kf5 57. h4 Kg4 58. Rb2 Ra3 59. Rc2
Rb3 60. Bf6 Ra3 61. Rc5 Ra2+ 62. Kg1 f3 63. gxf3+ Kxf3 64. Rxh5 Rg2+ 65. Kh1 Re2
66. Re5 Rc2 67. h5 Kg3 68. Rg5+ Kf3 69. h6 Rc1+ 70. Kh2 Rc2+ 71. Kh3 Rc1 72.
Rf5+ Ke4 73. Rf2 Rc7 74. Bg7 Rc8 75. Bf8 1-0

[Event "Xtracon Chess Open 2017"]
[Site "Helsingor DEN"]
[Date "2017.07.24"]
[Round "4.157"]
[White "Rygg, Andreas Gangstad"]
[Black "Hansen, Ib Lynaes"]
[Result "1/2-1/2"]
[WhiteElo "1633"]
[BlackElo "1839"]
[WhiteFideId "1527754"]
[BlackFideId "1407511"]
[EventDate "2017.07.22"]

1. e4 e6 2. b3 b6 3. Bb2 Bb7 4. Nc3 Nf6 5. e5 Nd5 6. Qg4 Nb4 7. O-O-O h5 8. Qg3
Rh6 9. a3 h4 10. Qh3 Nd5 11. Nxd5 Bxd5 12. Be2 Bb7 13. Bf3 Nc6 14. Ne2 Qg5 15.
Nd4 O-O-O 16. Nxc6 dxc6 17. Rhe1 Bc5 18. Qg4 Qxg4 19. Bxg4 Rd7 20. f4 Bd4 21. c3
Bc5 22. f5 Be7 23. fxe6 fxe6 24. Rf1 c5 25. Bh3 Rg6 26. Rf2 b5 27. Rdf1 Kd8 28.
Kc2 c4 29. b4 Be4+ 30. Kd1 Bd3 31. Re1 Rd5 32. Rf7 Kd7 33. Rf4 Ke8 34. Rg4 Kd7
35. Rxg6 Bxg6 36. Bg4 Bg5 37. Bc1 Ke7 38. d4 Bxc1 39. Kxc1 Rd8 40. Rf1 Be4 41.
Rf2 Rh8 42. Kd2 Rh6 43. Ke3 Bd5 44. Kf4 Rg6 45. Bh5 Rxg2 46. Rxg2 Bxg2 47. Kg5
h3 48. Kg6 Kf8 49. Bg4 Be4+ 50. Kg5 Bd5 51. Bxh3 Kf7 52. Bg4 Kf8 53. Bd1 Bc6 54.
Bc2 Bd5 55. a4 a6 56. axb5 axb5 57. h4 Kg8 58. Kf4 Kf7 59. h5 Ke7 60. Kg5 Bc6
61. Bd1 Be4 62. Bg4 Kf7 63. Bh3 Ke7 64. Kf4 Bd5 65. Kg5 Be4 66. Kf4 1/2-1/2

[Event "Xtracon Chess Open 2017"]
[Site "Helsingor DEN"]
[Date "2017.07.24"]
[Round "4.158"]
[White "Lodahl, Holger Ronnow"]
[Black "Easwaralingam, Janith"]
[Result "1-0"]
[WhiteElo "1838"]
[BlackElo "1621"]
[WhiteFideId "1427342"]
[BlackFideId "1448560"]
[EventDate "2017.07.22"]

1. d4 Nf6 2. c4 g6 3. Nc3 Bg7 4. e4 d6 5. f3 Nbd7 6. Be3 e5 7. d5 a5 8. Bd3 b6
9. Nge2 Nc5 10. Qd2 a4 11. O-O O-O 12. Bc2 Bd7 13. Nc1 Ne8 14. Nd3 f5 15. Nxc5
bxc5 16. Qd1 f4 17. Bc1 g5 18. Bxa4 Bxa4 19. Nxa4 Qd7 20. Nc3 h5 21. Bd2 g4 22.
Qe2 g3 23. h3 Nf6 24. Rfb1 Nh7 25. b4 cxb4 26. Rxb4 Ng5 27. a4 c5 28. Rb5 h4 29.
a5 Rf6 30. a6 Ra7 31. Rb8+ Kh7 32. Nb5 Rg6 33. Nxa7 Qxa7 34. Rb7 Qa8 35. Be1 Qc8
36. Rab1 Nxh3+ 37. gxh3 Qxh3 38. Qg2 Qc8 39. a7 h3 40. Qh1 h2+ 41. Kg2 Rh6 42.
Kf1 Qh3+ 43. Ke2 g2 44. Bf2 gxh1=Q 45. Rxh1 Qc8 46. Rb8 Qh3 47. a8=Q Qg2 48. Qa1 1-0

[Event "Xtracon Chess Open 2017"]
[Site "Helsingor DEN"]
[Date "2017.07.24"]
[Round "4.159"]
[White "Wallin, Kenneth"]
[Black "Rasmussen, Morten1"]
[Result "0-1"]
[WhiteElo "1633"]
[BlackElo "1838"]
[WhiteFideId "1712861"]
[BlackFideId "1410865"]
[EventDate "2017.07.22"]

1. d4 f5 2. Nf3 Nf6 3. Bg5 e6 4. Nbd2 Be7 5. Bxf6 Bxf6 6. e4 fxe4 7. Nxe4 b6 8.
Bd3 Bb7 9. O-O Nc6 10. c3 O-O 11. Qc2 g6 12. Rfe1 Bg7 13. Rad1 Rc8 14. Neg5 Ne7
15. Be4 Bxe4 16. Rxe4 Nf5 17. Rxe6 dxe6 18. Nxe6 Qd5 19. Nxf8 Rxf8 20. c4 Qd6
21. d5 Re8 22. Ng5 Qe5 23. Ne6 Nd4 24. Qd2 Nxe6 25. Re1 Qxb2 26. Qd1 Qd4 27. Qc2
Nf8 28. Rxe8 Qa1+ 0-1

[Event "Xtracon Chess Open 2017"]
[Site "Helsingor DEN"]
[Date "2017.07.24"]
[Round "4.160"]
[White "Starup, Leo"]
[Black "Kyrkjebo, Marte B."]
[Result "0-1"]
[WhiteElo "1629"]
[BlackElo "1833"]
[WhiteFideId "1422669"]
[BlackFideId "1511602"]
[EventDate "2017.07.22"]

1. e4 e5 2. Nf3 Nc6 3. Bb5 a6 4. Ba4 Nf6 5. d3 b5 6. Bb3 Bc5 7. O-O d6 8. h3 h6
9. a3 O-O 10. Re1 Bb6 11. Nbd2 Ne7 12. Nf1 Ng6 13. Be3 Bxe3 14. Nxe3 Re8 15. c4
c6 16. Rc1 Bb7 17. c5 dxc5 18. Rxc5 Nd7 19. Rc1 c5 20. Nd5 Rc8 21. Qd2 Nb6 22.
Nxb6 Qxb6 23. Qe3 Qd6 24. Red1 Nf4 25. Nh4 Qd4 26. Rc2 c4 27. Qxd4 exd4 28. dxc4
d3 29. Rcd2 bxc4 30. Ba2 Bxe4 31. f3 Bb7 32. b4 c3 0-1